书目信息 |
| 题名: |
工业机器人离线编程与仿真
|
|
| 作者: | 宋云艳 , 周佩秋 主编 | |
| 分册: | ||
| 出版信息: | 北京 机械工业出版社 2017.6 |
|
| 页数: | 11,182页 | |
| 开本: | 26cm | |
| 丛书名: | ||
| 单 册: | ||
| 中图分类: | TP242.2 | |
| 科图分类: | ||
| 主题词: | 工业机器人--程序设计--高等职业学校--教材 , 工业机器人--计算机仿真--高等职业学校--教材 | |
| 电子资源: | ||
| ISBN: | 978-7-111-56657-1 | |
| 000 | 01257nam0 2200265 450 | |
| 001 | 0400001584 | |
| 005 | 20171018173234.0 | |
| 010 | @a978-7-111-56657-1@dCNY32.00 | |
| 100 | @a20170802d2017 em y0chiy50 ea | |
| 101 | 0 | @achi |
| 102 | @aCN@b110000 | |
| 105 | @aa z 000yy | |
| 106 | @ar | |
| 200 | 1 | @a工业机器人离线编程与仿真@9gong ye ji qi ren li xian bian cheng yu fang zhen@f宋云艳,周佩秋主编 |
| 210 | @a北京@c机械工业出版社@d2017.6 | |
| 215 | @a11,182页@c图@d26cm | |
| 300 | @a全国机械行业职业教育优质规划教材(高职高专) 全国高职高专智能制造领域人才培养规划教材 工业机器人技术专业 | |
| 330 | @a本书以高职高专相关课程选用多的ABB工业机器人离线编程仿真软件为平台,并选择常用的工业机器人搬运、码垛为载体来学习编程与仿真方法,选择焊接工作站、带传动链的工业机器人工作站作为组建站方法的学习项目。主要内容包括:编程仿真软件的认知、搬运机器人的离线编程与仿真、码垛机器人的离线编程与仿真、激光切割工业机器人离线编程与仿真、带传送链的工业机器人工作站的构建。 | |
| 606 | 0 | @a工业机器人@x程序设计@x高等职业学校@j教材 |
| 606 | 0 | @a工业机器人@x计算机仿真@x高等职业学校@j教材 |
| 690 | @aTP242.2@v5 | |
| 701 | 0 | @a宋云艳@9song yun yan@4主编 |
| 701 | 0 | @a周佩秋@9zhou pei qiu@4主编 |
| 801 | 0 | @aCN@b91MARC@c20171018 |
| 905 | @b1022209-13@dTP242.2@f5@e164 | |
| 工业机器人离线编程与仿真/宋云艳,周佩秋主编.-北京:机械工业出版社,2017.6 |
| 11,182页:图;26cm |
| 全国机械行业职业教育优质规划教材(高职高专) 全国高职高专智能制造领域人才培养规划教材 工业机器人技术专业 |
| ISBN 978-7-111-56657-1:CNY32.00 |
| 本书以高职高专相关课程选用多的ABB工业机器人离线编程仿真软件为平台,并选择常用的工业机器人搬运、码垛为载体来学习编程与仿真方法,选择焊接工作站、带传动链的工业机器人工作站作为组建站方法的学习项目。主要内容包括:编程仿真软件的认知、搬运机器人的离线编程与仿真、码垛机器人的离线编程与仿真、激光切割工业机器人离线编程与仿真、带传送链的工业机器人工作站的构建。 |
| ● |
| 相关链接 |
|
|
|
|
正题名:工业机器人离线编程与仿真
索取号:TP242.2/164
 
预约/预借
| 序号 | 登录号 | 条形码 | 馆藏地/架位号 | 状态 | 备注 |
| 1 | 1022209 | 210222098 | 第二样本阅览室/ [索取号:TP242.2/164] | 在馆 | |
| 2 | 1022210 | 210222105 | 密集书库—计算机科学学院/ [索取号:TP242.2/164] | 在馆 | |
| 3 | 1022211 | 210222114 | 第三借阅区/ [索取号:TP242.2/164] | 在馆 | |
| 4 | 1022212 | 210222123 | 第三借阅区/ [索取号:TP242.2/164] | 在馆 | |
| 5 | 1022213 | 210222132 | 第三借阅区/ [索取号:TP242.2/164] | 在馆 |